Central Library OPAC University of Rajshahi

The little data book on external debt / (Record no. 44913)

MARC details
000 -LEADER
fixed length control field 01846cas a2200445 a 4500
001 - CONTROL NUMBER
control field 44913
003 - CONTROL NUMBER IDENTIFIER
rucl marc code BD-RjUL
005 - DATE AND TIME OF LATEST TRANSACTION
control field 20211209053933.0
008 - FIXED-LENGTH DATA ELEMENTS--GENERAL INFORMATION
fixed length control field 160721s2007 dcuar s i0 0eng c
020 ## - INTERNATIONAL STANDARD BOOK NUMBER
International Standard Book Number 0821369695
035 ## - SYSTEM CONTROL NUMBER
System control number BD-RjUL45031
040 ## - CATALOGING SOURCE
Original cataloging agency TJC
Transcribing agency TJC
Modifying agency MYG
-- CUI
-- IUL
-- OCLCA
-- DLC
-- MYG
-- BD-RjUL
Language of cataloging eng
041 ## - LANGUAGE CODE
Language code of text/sound track or separate title eng
082 ## - DEWEY DECIMAL CLASSIFICATION NUMBER
Edition number 22
Classification number 336.3435
Author mark and year LIT 2007
099 ## - LOCAL FREE-TEXT CALL NUMBER (OCLC)
Bangla Class number **See URL(s)
245 04 - TITLE STATEMENT
Title The little data book on external debt /
260 ## - PUBLICATION, DISTRIBUTION, ETC. (IMPRINT)
Place of publication, distribution, etc. Washington, D.C. :
Name of publisher, distributor, etc. World Bank,
Date of publication, distribution, etc. c2007-
300 ## - PHYSICAL DESCRIPTION
Pagination vi, 152 p. :
Illustrations ill. ;
Size 21 cm.
500 ## - GENERAL NOTE
General note Description based on: 2007; title from title page.
General note Latest issue consulted: 2009.
550 ## - ISSUING BODY NOTE
Issuing body note Issued by the Development Data Group of the Development Economics Vice Presidency of the World Bank.
580 ## - LINKING ENTRY COMPLEXITY NOTE
Linking entry complexity note A pocket edition of: Global development finance. Vol. 2, Summary and country tables, 2007-
650 #0 - SUBJECT ADDED ENTRY--TOPICAL TERM
Topical term or geographic name as entry element Debts, External
Geographic subdivision Developing countries
Form subdivision Statistics
-- Periodicals.
9 (RLIN) 137631
Topical term or geographic name as entry element Finance
General subdivision Statistics
Geographic subdivision Developing countries
Form subdivision Periodicals.
9 (RLIN) 137632
Topical term or geographic name as entry element International finance
Form subdivision Statistics
-- Periodicals.
9 (RLIN) 137633
710 2# - ADDED ENTRY--CORPORATE NAME
Corporate name or jurisdiction name as entry element World Bank.
Subordinate unit Development Data Group.
9 (RLIN) 137634
Corporate name or jurisdiction name as entry element World Bank.
9 (RLIN) 137635
780 00 - PRECEDING ENTRY
Title Little book on external debt
International Standard Serial Number 1934-595X
Record control number (DLC) 2006242083
-- (OCoLC)68941495
787 1# - OTHER RELATIONSHIP ENTRY
Title Global development finance
International Standard Serial Number 1020-5454
Record control number (DLC) 97660616
-- (OCoLC)36661599
856 41 - ELECTRONIC LOCATION AND ACCESS
Uniform Resource Identifier <a href="http://elibrary.worldbank.org/">http://elibrary.worldbank.org/</a>
Public note Search: Little data book on external debt
942 ## - ADDED ENTRY ELEMENTS (KOHA)
Source of classification or shelving scheme Dewey Decimal Classification
Koha item type Books
949 #1 - LOCAL PROCESSING INFORMATION (OCLC)
1 MIT Access Only
a n-mit
b NET
g 2007-
h **See URL(s)
o 8
x 02
956 41 - LOCAL ELECTRONIC LOCATION AND ACCESS (OCLC)
Uniform Resource Identifier <a href="http://libraries.mit.edu/get/elib">http://libraries.mit.edu/get/elib</a>
Holdings
Lost status Source of classification or shelving scheme Damaged status Not for loan Collection code Permanent Location Current Location Shelving location Date acquired Source of acquisition Cost, normal purchase price Total Checkouts Full call number Date last seen Copy number Koha item type
  Dewey Decimal Classification   Not For Loan Non-fiction Central Library, University of Rajshahi Central Library, University of Rajshahi Reading Room 29/03/2008 Dhaka, MIDAS 15.00   336.3435 LIT 2007 21/07/2016 C-1 Books